Radiohead - Jigsaw falling into place - Statistiques

Statistiques générales
  • Ce quiz a été pris 25 fois
  • Le résultat moyen est 156 sur 234
Statistiques - réponses
Réponse % Correct
a
100%
A
100%
I
100%
in
100%
to
100%
you
100%
You
100%
as
93%
As
93%
into
93%
is
93%
Just
93%
just
93%
No
93%
place
93%
the
93%
The
93%
your
93%
Jigsaw
86%
my
86%
Not
86%
on
86%
So
86%
take
86%
they
86%
They
86%
explain
79%
falling
79%
it
79%
play
79%
song
79%
there
79%
and
71%
back
71%
favourite
71%
hand
71%
look
71%
nothing
71%
She
71%
arrive
64%
away
64%
beat
64%
Come
64%
drinks
64%
got
64%
had
64%
number
64%
pass
64%
Before
57%
dance
57%
down
57%
feel
57%
like
57%
looks
57%
lost
57%
me
57%
night
57%
once
57%
twice
57%
write
57%
you're
57%
again
50%
between
50%
can
50%
each
50%
eye
50%
from
50%
goes
50%
let
50%
mission
50%
other
50%
round
50%
run
50%
This
50%
All
43%
animal
43%
day
43%
disappears
43%
light
43%
never
43%
nightmare
43%
notes
43%
one
43%
out
43%
that
43%
up
43%
Wish
43%
are
36%
bad
36%
comatose
36%
focus
36%
mic
36%
much
36%
noises
36%
spring
36%
too
36%
blurring
29%
cameras
29%
cat
29%
Cheshire
29%
circuit
29%
Closed
29%
grin
29%
longer
29%
owl
29%
pretended
29%
really
29%
shape
29%
walls
29%
wound
29%
bending
21%
blunt
21%
instruments
21%
sawed-off
21%
shotguns
21%
Words
21%
You've
21%
Aucun quiz correspondant
Distribution des résultats
% des personnes avec chaque résultat
Percentile par nombre de réponses
Votre historique - résultats
Vous n’avez pas pris ce quiz